ইসলামের ইতিহাস : (Record no. 57253)
[ view plain ]
| 000 -LEADER | |
|---|---|
| fixed length control field | 00981nam a2200241 a 4500 |
| 001 - CONTROL NUMBER | |
| control field | 57253 |
| 003 - CONTROL NUMBER IDENTIFIER | |
| rucl marc code | BD-RjUL |
| 005 - DATE AND TIME OF LATEST TRANSACTION | |
| control field | 20211209080504.0 |
| 008 - FIXED-LENGTH DATA ELEMENTS--GENERAL INFORMATION | |
| fixed length control field | 161207s1983 ii ||||| |||| 00| 0 ben d |
| 020 ## - INTERNATIONAL STANDARD BOOK NUMBER | |
| Terms of availability | : Tk. 25.00 |
| 035 ## - SYSTEM CONTROL NUMBER | |
| System control number | (BD-RjUL)57377 |
| 040 ## - CATALOGING SOURCE | |
| Original cataloging agency | BD-RjUL |
| Language of cataloging | ben |
| Transcribing agency | BD-RjUL |
| 041 ## - LANGUAGE CODE | |
| Language code of text/sound track or separate title | ben |
| 082 ## - DEWEY DECIMAL CLASSIFICATION NUMBER | |
| Edition number | 23 |
| Classification number | 297.09 |
| Author mark and year | GAI 1983 |
| 100 ## - MAIN ENTRY--PERSONAL NAME | |
| Personal name | গনী, ওসমান |
| 9 (RLIN) | 124031 |
| 245 10 - TITLE STATEMENT | |
| Title | ইসলামের ইতিহাস : |
| Remainder of title | [ বিশ্বের নবজাগরণ ও মানবতার ইতিহাস ] |
| Statement of responsibility, etc. | ওসমান গনী, রামতনু লাহিড়ী স্কলার |
| 260 ## - PUBLICATION, DISTRIBUTION, ETC. (IMPRINT) | |
| Place of publication, distribution, etc. | কলকাতা : |
| Name of publisher, distributor, etc. | ইউনিভারস্যাল, |
| Date of publication, distribution, etc. | ১৯৮৩ |
| 300 ## - PHYSICAL DESCRIPTION | |
| Pagination | খণ্ড ; |
| Size | ২৩ সেমি. |
| 650 ## - SUBJECT ADDED ENTRY--TOPICAL TERM | |
| Topical term or geographic name as entry element | ইসলাম |
| General subdivision | ইতিহাস |
| 9 (RLIN) | 170023 |
| Topical term or geographic name as entry element | Islam |
| General subdivision | History |
| 9 (RLIN) | 170024 |
| 700 ## - ADDED ENTRY--PERSONAL NAME | |
| Personal name | স্কলার, রামতনু লাহিড়ী |
| 942 ## - ADDED ENTRY ELEMENTS (KOHA) | |
| Source of classification or shelving scheme | Dewey Decimal Classification |
| Koha item type | Books |
| Lost status | Source of classification or shelving scheme | Damaged status | Not for loan | Collection code | Permanent Location | Current Location | Shelving location | Date acquired | Source of acquisition | Cost, normal purchase price | Total Checkouts | Full call number | Date last seen | Copy number | Koha item type |
|---|---|---|---|---|---|---|---|---|---|---|---|---|---|---|---|
| Dewey Decimal Classification | Not For Loan | Non-fiction | Central Library, University of Rajshahi | Central Library, University of Rajshahi | Reading Room | 31/07/1995 | Royal book co. Karachi | 25.00 | B 297.09 GAI V-2 1983 | 07/12/2016 | C-1 | Books |